| 000 | 00479nam a22001697a 4500 | ||
|---|---|---|---|
| 003 | LK-CoMWRAF | ||
| 005 | 20231026221341.0 | ||
| 008 | 231026b |||||||| |||| 00| 0 eng d | ||
| 040 |
_aLK-CoMWRAF _dLK-CoMWRAF _eLK-CoMWRAF |
||
| 041 | _aeng | ||
| 082 |
_a297.122 _bZAY |
||
| 100 | _aZayid, Mahmud | ||
| 245 |
_aThe Quran : _bAn English translation of the meaning of the Quran |
||
| 260 |
_aLebanon : _bThe supreme sunni and shii council |
||
| 650 | _aIslam--Quran | ||
| 942 | _cBK | ||
| 999 |
_c4010 _d4010 |
||